Unimaginably true : (Record no. 76717)
[ view plain ]
| 000 -LEADER | |
|---|---|
| fixed length control field | 00503nam a22001697a 4500 |
| 005 - DATE AND TIME OF LATEST TRANSACTION | |
| control field | 20130617151819.0 |
| 010 ## - LCCN (DPL NO) | |
| LC control number | ENG-107626 |
| 020 ## - INTERNATIONAL STANDARD BOOK NUMBER | |
| International Standard Book Number | 109381588732 |
| Terms of availability | 195.00 |
| 020 ## - INTERNATIONAL STANDARD BOOK NUMBER | |
| International Standard Book Number | 9789381588734 |
| Terms of availability | 195.00 |
| 035 ## - SYSTEM CONTROL NUMBER | |
| System control number | EN-91159 |
| 100 ## - MAIN ENTRY--PERSONAL NAME | |
| Personal name | Sharma, Devanshi |
| 245 ## - TITLE STATEMENT | |
| Title | Unimaginably true : |
| Statement of responsibility, etc | by Devanshi Sharma |
| Remainder of title | the book of dreams / |
| 260 ## - PUBLICATION, DISTRIBUTION, ETC. (IMPRINT) | |
| Place of publication, distribution, etc | New Delhi |
| Name of publisher, distributor, etc | V and S Publishers |
| Date of publication, distribution, etc | 2012 |
| 270 ## - ADDRESS | |
| Address | F-2/16, Ansari Road, Daryaganj |
| City | New Delhi |
| Postal code | 110002 |
| 300 ## - PHYSICAL DESCRIPTION | |
| Extent | 175p. |
| Dimensions | 22cm (pbk) |
| 942 ## - ADDED ENTRY ELEMENTS (KOHA) | |
| Source of classification or shelving scheme | Dewey Decimal Classification |
| Item type | English Books |
| Call number suffix | SHA |
| Withdrawn status | Lost status | Not for loan | Collection code | Home library | Current library | Date acquired | Source of acquisition | Cost, normal purchase price | Full call number | Barcode | Copy number | Cost, replacement price | Koha item type |
|---|---|---|---|---|---|---|---|---|---|---|---|---|---|
| Not For Loan | Fiction | D.B.Act.Division | D.B.Act.Division | 17/06/2013 | DBAD / PUB | 195.00 | SHA | EN-91159 | 1 | 195.00 | English Books |
